<?xml version="1.0" encoding="UTF-8"?><?xml-stylesheet type="text/xsl" href="static/style.xsl"?><OAI-PMH xmlns="http://www.openarchives.org/OAI/2.0/" xmlns:xsi="http://www.w3.org/2001/XMLSchema-instance" xsi:schemaLocation="http://www.openarchives.org/OAI/2.0/ http://www.openarchives.org/OAI/2.0/OAI-PMH.xsd"><responseDate>2026-06-03T09:31:22Z</responseDate><request verb="GetRecord" identifier="oai:riuma.uma.es:10630/39383" metadataPrefix="marc">https://riuma.uma.es/rest/oai/request</request><GetRecord><record><header><identifier>oai:riuma.uma.es:10630/39383</identifier><datestamp>2026-02-03T10:56:06Z</datestamp><setSpec>com_10630_2254</setSpec><setSpec>col_10630_37953</setSpec></header><metadata><record xmlns="http://www.loc.gov/MARC21/slim" xmlns:dcterms="http://purl.org/dc/terms/" xmlns:doc="http://www.lyncode.com/xoai" xmlns:xsi="http://www.w3.org/2001/XMLSchema-instance" xsi:schemaLocation="http://www.loc.gov/MARC21/slim http://www.loc.gov/standards/marcxml/schema/MARC21slim.xsd">
   <leader>00925njm 22002777a 4500</leader>
   <datafield ind2=" " ind1=" " tag="042">
      <subfield code="a">dc</subfield>
   </datafield>
   <datafield ind2=" " ind1=" " tag="720">
      <subfield code="a">Spada-Jiménez, Andrea</subfield>
      <subfield code="e">author</subfield>
   </datafield>
   <datafield ind2=" " ind1=" " tag="260">
      <subfield code="c">2024-07</subfield>
   </datafield>
   <datafield ind2=" " ind1=" " tag="520">
      <subfield code="a">Con el presente trabajo se cuestiona la existencia de una adecuada &#xd;
tutela judicial efectiva en materia de medioambiente con base en el desarrollo del &#xd;
Convenio de Aarhus, el cual no resulta armonioso por parte de los Estados Miem&#xd;
bros. El trabajo se dispone a través de un planteamiento reflexivo sobre la existen&#xd;
cia de un proceso óptimo ante la carencia de regulación del acceso a la justicia en la &#xd;
materia.</subfield>
   </datafield>
   <datafield ind2=" " ind1=" " tag="520">
      <subfield code="a">This paper takes a reflective approach to the exercise of jurisdic&#xd;
tional action for the defence of the environment by citizens. The exercise of juris&#xd;
dictional action for the defence of the environment by citizens, and in the face of the &#xd;
current climate emergency, questions the existence of an adequate and effective ju&#xd;
dicial protection in environmental matters based on the Aarhus Convention. It also &#xd;
raises the possibility of obtaining judicial protection for the protection of the envi&#xd;
ronment through various jurisdictional mechanisms.</subfield>
   </datafield>
   <datafield ind1="8" ind2=" " tag="024">
      <subfield code="a">Spada Jiménez, Andrea. 2024. «El Sesgado Desarrollo Del Convenio De Aarhus En La Unión Europea. ¿Justicia Para El Medioambiente?». Cuadernos Europeos De Deusto, n.º 71 (julio), 89-113. https://doi.org/10.18543/ced.3132.</subfield>
   </datafield>
   <datafield ind1="8" ind2=" " tag="024">
      <subfield code="a">1130-8354</subfield>
   </datafield>
   <datafield ind1="8" ind2=" " tag="024">
      <subfield code="a">https://hdl.handle.net/10630/39383</subfield>
   </datafield>
   <datafield ind1="8" ind2=" " tag="024">
      <subfield code="a">10.18543/ced.3132</subfield>
   </datafield>
   <datafield tag="653" ind2=" " ind1=" ">
      <subfield code="a">Justicia ambiental - Países de la Unión Europea</subfield>
   </datafield>
   <datafield tag="653" ind2=" " ind1=" ">
      <subfield code="a">Derecho ambiental comunitario</subfield>
   </datafield>
   <datafield ind2="0" ind1="0" tag="245">
      <subfield code="a">El sesgado desarrollo del convenio de Aarhus en la Unión Europea. ¿Justicia para el medioambiente?</subfield>
   </datafield>
</record>
</metadata></record></GetRecord></OAI-PMH>